Human Rights Protection System in China / (Record no. 1604)

MARC details
000 -LEADER
fixed length control field 03781cam a22004935i 4500
001 - CONTROL NUMBER
control field data
005 - DATE AND TIME OF LATEST TRANSACTION
control field 20260322212108.0
006 - FIXED-LENGTH DATA ELEMENTS--ADDITIONAL MATERIAL CHARACTERISTICS
fixed length control field data
007 - PHYSICAL DESCRIPTION FIXED FIELD--GENERAL INFORMATION
fixed length control field data
008 - FIXED-LENGTH DATA ELEMENTS--GENERAL INFORMATION
fixed length control field data
035 ## - SYSTEM CONTROL NUMBER
System control number 21820734
010 ## - LIBRARY OF CONGRESS CONTROL NUMBER
LC control number 2019766441
020 ## - INTERNATIONAL STANDARD BOOK NUMBER
International Standard Book Number 9783642396632
024 7# - OTHER STANDARD IDENTIFIER
Standard number or code 10.1007/978-3-642-39663-2
Source of number or code doi
035 ## - SYSTEM CONTROL NUMBER
System control number (DE-He213)978-3-642-39663-2
040 ## - CATALOGING SOURCE
Original cataloging agency DLC
Language of cataloging eng
Description conventions rda
-- rda
Transcribing agency DLC
072 #7 - SUBJECT CATEGORY CODE
Subject category code JPVH
Source bicssc
072 #7 - SUBJECT CATEGORY CODE
Subject category code JPVH
Source thema
072 #7 - SUBJECT CATEGORY CODE
Subject category code LAW051000
Source bisacsh
082 04 - DEWEY DECIMAL CLASSIFICATION NUMBER
Classification number 341.48
Edition information 23
097 00 -
-- K3236-3268.5
100 1# - MAIN ENTRY--PERSONAL NAME
Personal name Sun, Pinghua,
Relator term author.
245 10 - TITLE STATEMENT
Title Human Rights Protection System in China /
Statement of responsibility, etc. by Pinghua Sun.
250 ## - EDITION STATEMENT
Edition statement 1st ed. 2014.
264 #1 - PRODUCTION, PUBLICATION, DISTRIBUTION, MANUFACTURE, AND COPYRIGHT NOTICE
Place of production, publication, distribution, manufacture Berlin, Heidelberg :
Name of producer, publisher, distributor, manufacturer Imprint: Springer,
-- Imprint: Springer,
Date of production, publication, distribution, manufacture, or copyright notice 2014.
300 ## - PHYSICAL DESCRIPTION
Extent 1 online resource (XXII, 366 pages 2 illustrations)
336 ## - CONTENT TYPE
Content type term text
Content type code txt
Source rdacontent
337 ## - MEDIA TYPE
Media type term computer
Media type code c
Source rdamedia
338 ## - CARRIER TYPE
Carrier type term online resource
Carrier type code cr
Source rdacarrier
347 ## - DIGITAL FILE CHARACTERISTICS
File type text file
Encoding format PDF
Source rda
505 0# - FORMATTED CONTENTS NOTE
Formatted contents note Acknowledgements -- Abstract -- Preface -- Abbreviations -- Chapter I Confucian Philosophy and Its Historical Contributions to Human Rights -- Chapter II The Dynamics of Human Rights Protection in China -- Chapter III The First White Paper-Human Rights in China -- Chapter IV "The State Respects and Guarantees Human Rights" Included in the Constitution -- Chapter V National Human Rights Action Plan as a Milestone -- Chapter VI Fundamental Principles for Achieving International Human-Rights Standards in China -- Chapter VII Specific Measures to Improve Human Rights Protection Standards in China -- Chapter VIII Foundations of Human Rights Guarantee in Contemporary China -- Chapter IX Human Rights, Culture and Their Reconstruction in the Chinese Context -- Chapter X Several Issues on the Formation of a Socialist Legal System with Chinese Characteristics -- Chapter XI Judicial Protection of Human Rights in China -- Appendices -- References -- Index.
520 ## - SUMMARY, ETC.
Summary, etc. In recent years, more and more scholars in the world have become interested in human rights issues in China. This book hopes to serve as a window through which its readers will gain a better view of the theory and practice of human rights protection in the Chinese context. The book systematically introduces the dynamic development and progress of human rights protection in China, attaching great importance to the first white paper on Human Rights in China; the statement "The state respects and guarantees human rights" included in the Constitution; and the National Human Rights Action Plan of China, then putting forth fundamental principles to achieve international human rights standards and specific measures to improve human rights protection standards in China. Further, the book discusses "Foundations of Human Rights Guarantees in Contemporary China," "Human Rights, Culture and Their Reconstruction in the Chinese Context" and "Socialist Legal System with Chinese Characteristics." The final chapter is dedicated to the topic of "Judicial Protection System of Human Rights in China." In appendices, four important documents on human rights in China.
588 ## - SOURCE OF DESCRIPTION NOTE
Source of description note Description based on publisher-supplied MARC data.
650 #0 - SUBJECT ADDED ENTRY--TOPICAL TERM
Topical term or geographic name entry element Human rights.
650 14 - SUBJECT ADDED ENTRY--TOPICAL TERM
Topical term or geographic name entry element Human Rights.
Authority record control number or standard number https://scigraph.springernature.com/ontologies/product-market-codes/R19020
776 08 - ADDITIONAL PHYSICAL FORM ENTRY
Relationship information Print version:
Title Human rights protection system in China.
International Standard Book Number 9783642396625
Record control number (DLC) 2013945142
776 08 - ADDITIONAL PHYSICAL FORM ENTRY
Relationship information Printed edition:
International Standard Book Number 9783642396625
776 08 - ADDITIONAL PHYSICAL FORM ENTRY
Relationship information Printed edition:
International Standard Book Number 9783642396649
776 08 - ADDITIONAL PHYSICAL FORM ENTRY
Relationship information Printed edition:
International Standard Book Number 9783662523940
906 ## - LOCAL DATA ELEMENT F, LDF (RLIN)
a 0
b ibc
c origres
d u
e ncip
f 20
g y-gencatlg
925 0# -
-- acquire
-- pcnspringer
-- policy default
985 ## -
-- springerpcn
-- batch7
991 ## -
-- s-Online
-- Electronic Resource
Holdings
Withdrawn status Lost status Damaged status Not for loan Home library Current library Shelving location Date acquired Total checkouts Full call number Barcode Date last seen Price effective from Koha item type
        Liberty Liberty General stacks 22/03/2026   341.48 LOC-LPL-00067 22/03/2026 22/03/2026 Books